La radiología hospitalaria y su organización / (Record no. 171844)

MARC details
000 -LEADER
campo de control de longitud fija 00784nam a22002175i 4500
001 - NÚMERO DE CONTROL
campo de control 171844
003 - IDENTIFICADOR DE NÚMERO DE CONTROL
campo de control ES-MaACL
005 - FECHA Y HORA DE LA ÚLTIMA TRANSACCIÓN
campo de control 20250901090026.0
008 - DATOS DE LONGITUD FIJA--INFORMACIÓN GENERAL
campo de control de longitud fija 090603s1971 sp |||| | spa d
080 ## - NÚMERO DE LA CLASIFICACIÓN DECIMAL UNIVERSAL
Número de la Clasificación Decimal Universal 616-073.75
080 ## - NÚMERO DE LA CLASIFICACIÓN DECIMAL UNIVERSAL
Número de la Clasificación Decimal Universal 615.849
100 1# - ENTRADA PRINCIPAL--NOMBRE DE PERSONA
Nombre de persona Solsona, Fernando.
9 (RLIN) 107252
245 13 - MENCIÓN DEL TÍTULO
Título La radiología hospitalaria y su organización /
Mención de responsabilidad, etc. por Fernando Solsona ; prólogo José Martínez Estrada.
260 ## - PUBLICACIÓN, DISTRIBUCIÓN, ETC.
Lugar de publicación, distribución, etc. Valladolid :
Nombre del editor, distribuidor, etc. Facultad de Medicina de Valladolid, Cátedra de Terapéutica Física,
Fecha de publicación, distribución, etc. 1971.
300 ## - DESCRIPCIÓN FÍSICA
Extensión 92 p. ;
Dimensiones 21 cm.
650 17 - PUNTO DE ACCESO ADICIONAL DE MATERIA--TÉRMINO DE MATERIA
Término de materia o nombre geográfico como elemento de entrada Radiología
Fuente del encabezamiento o término embne
9 (RLIN) 140316
700 1# - ENTRADA AGREGADA--NOMBRE PERSONAL
Nombre de persona Martínez Estrada, José.
9 (RLIN) 140467
710 2# - ENTRADA AGREGADA--NOMBRE DE ENTIDAD CORPORATIVA
Nombre de entidad corporativa o nombre de jurisdicción como elemento de entrada Universidad de Valladolid.
Unidad subordinada Cátedra de Terapéutica Física.
9 (RLIN) 140468
852 ## - LOCALIZACIÓN
Ubicación ES-MaACL
Número de control de estantería C-45643
Holdings
Estatus retirado Estado de pérdida Estado de daño No para préstamo Biblioteca de origen Biblioteca actual Ubicación en estantería Fecha de adquisición Fuente de adquisición Total de préstamos Signatura topográfica completa Código de barras Visto por última vez Precio de reemplazo Tipo de ítem Koha
        Biblioteca del Ateneo de Madrid Biblioteca del Ateneo de Madrid Depósito 2 03/06/2009     C-45643 1180346 23/02/2023 23/02/2023 Libro impreso